| 000 | 01390nam a22002777a 4500 | ||
|---|---|---|---|
| 001 | 76633 | ||
| 003 | BD-RjUL | ||
| 005 | 20211209082851.0 | ||
| 008 | 191228s1994 bg ||||| |||| 00| 0bben d | ||
| 020 | _c: Tk. 115.00 (V-2) | ||
| 020 | _c: Tk. 115.00 (V-4) | ||
| 035 | _a(BD-RjUL)76857 | ||
| 040 |
_aBD-RjUL _bben _cBD-RjUL _dBD-RjUL |
||
| 041 | _aben | ||
| 082 |
_223 _a297.63 _bNUS V-2-4 1994 |
||
| 100 | 1 |
_aনু'মানী, আল্লামা শিবলী _9237037 |
|
| 245 | 1 | 0 |
_aসীরাতুন্ নবী : _b( সাল্লাল্লাহু আলাইহি ওয়া সাল্লাম ) / _cমূল: আল্লামা শিবলী নু'মানী ; বঙ্গানুবাদ: এ. কে. এম. ফজলুর রহমান মুনশী |
| 250 | _a৩য় সং. | ||
| 260 |
_aঢাকা : _bবাংলাদেশ তাজ পাবলিশিং হাউস, _c১৯৯৪ |
||
| 300 |
_a খণ্ড ; _c২৫ সেমি. |
||
| 505 | 0 | _aখণ্ড ২ -- খণ্ড ৪ -- | |
| 600 |
_aহযরত মুহাম্মাদ (সঃ), _d৫৭০-৬৩২ _xজীবনী _9237038 |
||
| 600 |
_aHazrat Muhammad (SM) _y570-632 _xBiography _9237039 |
||
| 700 |
_aমুনশী, এ. কে. এম. ফজলুর রহমান, অনুবাদক _9161082 |
||
| 942 |
_2ddc _cBK |
||
| 999 |
_c76633 _d76633 |
||